000
00283nam a2200121Ia 4500
008
190216s9999||||xx |||||||||||||| ||und||
100
_a
Brown G I
245
0
_a
New Introduction To Organic Chemistry
260
_b
Longmans
_c
1978
300
_a
378p
650
_a
Chemistry
942
_c
BK
999
_c
2329
_d
2329